000 00635cam a2200205 4500
001 1252537
005 20250520162949.0
008 730607s1973 nyu b 000 0 eng
020 _a0809101831
020 _a080911769X (pbk.)
050 0 0 _aBX2250
_b.W73
082 0 0 _a261.8/34/2
100 1 _aWrenn, Lawrence G.
245 1 0 _aDivorce and remarriage in the Catholic Church.
_cEdited by Lawrence G. Wrenn.
260 _aNew York,
_bNewman Press
_c[1973]
300 _aviii, 152 p.
_c23 cm.
650 0 _aMarriage
_xReligious aspects
_xCatholic Church.
650 0 _aDivorce
_xReligious aspects
_xCatholic Church.
942 _2lcc
_cBK
_n0
999 _c5860
_d5860